Das Image ober Was wurde aus dem amerikanischen Traum?
Αποθηκεύτηκε σε:
| Κύριος συγγραφέας: | |
|---|---|
| Μορφή: | Βιβλίο |
| Γλώσσα: | German English |
| Δημοσίευση: |
Reinbek b. Hamburg:
Rowohlt,
[1964]
|
| Θέματα: | |
| Ετικέτες: |
Προσθήκη ετικέτας
Δεν υπάρχουν, Καταχωρήστε ετικέτα πρώτοι!
|
MARC
| LEADER | 00000cam a2200000 i 4500 | ||
|---|---|---|---|
| 001 | 1/39171 | ||
| 008 | 061211s1964 gw | ||| |||| ||ger|| | ||
| 035 | |l 10086522 | ||
| 040 | |a GR-MyUa |b gre |e AACR2 | ||
| 041 | 1 | |a ger |h eng | |
| 082 | 7 | |a 327.112 |2 (22) | |
| 100 | 1 | |a Boorstin, Daniel J. |q (Daniel Joseph), |d 1914-2004. | |
| 245 | 1 | 4 | |a Das Image ober Was wurde aus dem amerikanischen Traum? / |c Daniel J. Boorstin. |
| 260 | |a Reinbek b. Hamburg: |b Rowohlt, |c [1964] | ||
| 300 | |a 228 σ. ; |c 20 εκ. | ||
| 500 | |a Τίτλος πρωτοτύπου: The image of what happened to the American dream? | ||
| 500 | |a Με: Gleichgewicht oder Hegemonie / Ludwig Dehio. | ||
| 650 | 0 | |a National characteristics, American. | |
| 650 | 0 | |a Popular culture |z United States |x History |y 20th century. | |
| 651 | 0 | |a United States |x Civilization |y 1945- | |
| 852 | |a INST |b RHODES |c KRI |e 20061211 |h 327.112 DEH |p 005400027364 |q 005400027364 |t BK |y 0 | ||
| 901 | |a BIBL4-2006-3 | ||
| 970 | |a Κόζα |b Μαρία |z 2006/12/11 | ||